Catalogue of life 2007 annual checklist: (Registro nro. 16632)
[ vista simple ]
| 000 -CABECERA | |
|---|---|
| Campo de control | 007740000a22002410004500 |
| 005 - FECHA Y HORA DE LA ULTIMA TRANSACCION | |
| Campo de control | 20170207115545.0 |
| 008 - ELEMENTOS DE LONGITUD FIJA—INFORMACION GENERAL | |
| Campo de control | 170207b xxu||||| |||| 00| 0 spa d |
| 040 ## - FUENTE DE CATALOGACIÓN | |
| Agencia catalogadora original | CO-BoIAVH |
| Agencia transcriptora | CO-BoIAVH |
| 041 ## - IDIOMA | |
| Código de idioma para texto/pista de sonido o título separado | Inglés |
| 090 ## - CLASIFICACIÓN LOCAL | |
| Colección | MM |
| Consecutivo | 00247 |
| 245 00 - MENCION DE TITULO | |
| Título | Catalogue of life 2007 annual checklist: |
| Version | one million species |
| 257 ## - PAIS DE LA ENTIDAD PRODUCTORA DE FILMES DE ARCHIVO | |
| País de la entidad productora | Estados Unidos |
| 300 ## - DESCRIPCION FISICA | |
| Extensión | CD-ROM |
| Otros detalles físicos | 1 |
| 700 1# - ASIENTO SECUNDARIO - NOMBRE PERSONAL | |
| Nombre personal | Bisby, Frank A. |
| Key for music | Editor |
| 700 1# - ASIENTO SECUNDARIO - NOMBRE PERSONAL | |
| Nombre personal | Roskov, Yuri R. |
| Key for music | Editor |
| 700 1# - ASIENTO SECUNDARIO - NOMBRE PERSONAL | |
| Nombre personal | Ruggiero, Michael A. |
| Key for music | Editor |
| 700 1# - ASIENTO SECUNDARIO - NOMBRE PERSONAL | |
| Nombre personal | Orrell, Thomas M. |
| Key for music | Editor |
| 700 1# - ASIENTO SECUNDARIO - NOMBRE PERSONAL | |
| Nombre personal | Paglinawan, Luvie E. |
| Key for music | Editor |
| 700 1# - ASIENTO SECUNDARIO - NOMBRE PERSONAL | |
| Nombre personal | Brewer, Peter W. |
| Key for music | Editor |
| 700 1# - ASIENTO SECUNDARIO - NOMBRE PERSONAL | |
| Nombre personal | Bailly, Nicolas |
| Key for music | Editor |
| 700 1# - ASIENTO SECUNDARIO - NOMBRE PERSONAL | |
| Nombre personal | Hertum , Jorrit van |
| Key for music | Editor |
| 942 ## - ELEMENTOS ADICIONALES (KOHA) | |
| Tipo de ítem | CD-ROM |
| Sistema de clasificación | Local |
| Withdrawn status | Lost status | Sistema de Clasificación | Damaged status | No para préstamo | Colección | Ubicación Permanente | Ubicación actual | Fecha de adquisición | Total Checkouts | Número topográfico | Inventario / Código de Barras | Date last seen | Ejemplar | Price effective from | Tipo de material |
|---|---|---|---|---|---|---|---|---|---|---|---|---|---|---|---|
| Local | Audiovisual | Bogotá | Bogotá | 07/02/2017 | MM-00247 | 025552 | 25/03/2015 | Ej. 1 | 25/03/2015 | CD-ROM |